| 000 | 01322cam a2200313 a 4500 | ||
|---|---|---|---|
| 999 |
_c234469 _d234469 |
||
| 001 | 3872020 | ||
| 003 | Nust | ||
| 005 | 20170321120440.0 | ||
| 008 | 891006s1989 txua b 101 0 eng | ||
| 010 | _a 89025490 | ||
| 020 | _a978-81-261-3274-4 | ||
| 040 |
_aDLC _cASAB _dDLC |
||
| 050 | 0 | 0 |
_aTD192.5 _b.B56 1989 |
| 082 | 0 | 0 |
_a664.024 _220 |
| 245 | 0 | 0 |
_aApplied Biotechnology _cP.R.Gilbert |
| 260 |
_aWoodlands, Tex. : _bPortfolio Pub. Co. ; _aHouston : _bGulf Pub. Co., _cc1989. |
||
| 300 |
_axxiii, 300 p. : _bill. ; _c24 cm. |
||
| 440 | 0 |
_aAdvances in applied biotechnology series ; _vv. 4 |
|
| 500 | _aPapers presented at the International Workshop on Biotechnology and Biodegradation, held in Lisbon, Portugal, June 1989. | ||
| 504 | _aIncludes bibliographical references and index. | ||
| 650 | 0 |
_aBioremediation _xCongresses. |
|
| 650 | 0 |
_aBiodegradation _xCongresses. |
|
| 700 | 1 | _aKamely, Daphne. | |
| 700 | 1 |
_aChakrabarty, Ananda M., _d1938- |
|
| 700 | 1 | _aOmenn, Gilbert S. | |
| 711 | 2 |
_aInternational Workshop on Biotechnology and Biodegradation _d(1989 : _cLisbon, Portugal) |
|
| 906 |
_a7 _bcbc _corignew _d1 _eocip _f19 _gy-gencatlg |
||
| 942 |
_2ddc _cBK |
||